| 000 | 02110cam a2200385 4500 | ||
|---|---|---|---|
| 001 | J2744 | ||
| 008 | 090401t1994 xxu||||| |||| 00| 0 eng d | ||
| 035 | _a(Sirsi) u50974 | ||
| 041 | _aeng | ||
| 050 | _a711.0947 | ||
| 110 | _aFederation International Des Geometres | ||
| 245 | _aWorkshop Budapest, Hungary, September 12-14, 1994: spatial planning and environment in Eastern Europe: the change to the market economy. | ||
| 260 |
_bFIG _c1994 |
||
| 300 | _a10 papers ; 30cm. | ||
| 350 | _a0 | ||
| 520 | _aPapers: - The plan for projecting and developing: Vorhaben- und Erschliessungsplan = VE-Plan: a new instrument in German planning law./ MIMUS, M. - The need for a cadastre in Russia: experiences in developing a local level cadastral system for one district of St. Petersburg./ TOROPAINEN, T. - Development of urban and regional planning in Estonia./ NOPONEN, J. - The real estate market in the European Union and the influence and meaning of public private partnership in procedures of urban regeneration./ BRACKMANN, H. - Social return in Rotterdam: a connection between investments in old town parts and the employment in the surrounding area`s./ LOHMANN, P.A.G. - The practice pf planning sustainable agriculture of hilly areas demonstrated with an example of a Northern Hungarian region./ TOTH, S. - Planning the ways and methods of agricultural use of areas belong (sic) to lignite open cuts in Hungary./ TOTH, S. & PERENY, M. - Land management and spatial planning in Karelia, Russia./ NOPONE | ||
| 650 | _aEASTERN EUROPE | ||
| 650 | _aEUROPEAN UNION | ||
| 650 | _aGERMANY | ||
| 650 | _aLAND USE PLANNING | ||
| 650 | _aNETHERLANDS | ||
| 650 | _aPROPERTY MARKET | ||
| 650 | _aRETAIL PARKS | ||
| 650 | _aSLOVAK REPUBLIC | ||
| 650 | _aSPATIAL PLANNING | ||
| 650 | _aST PETERSBURG | ||
| 650 | _aSUSTAINABLE AGRICULTURE | ||
| 650 | _aURBAN REGENERATION | ||
| 650 | _aVE-PLAN | ||
| 650 | _aVORHABEN-UND ERSCHLIESSUNGSPLAN | ||
| 690 | _aOVERSEAS-EUROPE | ||
| 710 |
_aHungarian Society of SurveyingMapping and Remote Sensing _91786 |
||
| 942 | _n0 | ||
| 948 | _c04/03/1997 | ||
| 999 |
_c92785 _d92785 |
||